|
|
|
|
| LEADER |
00000nab a2200000 a 4500 |
| 001 |
vtls000493874 |
| 003 |
SK-MaSNL |
| 005 |
20260303172335.0 |
| 008 |
230223c1993 xo 0 slo |
| 015 |
|
|
|a SNBRB19rr/mm-uuuuu
|
| 035 |
|
|
|a CL0494012
|
| 035 |
|
|
|a urn:nbn:sk:snk-abbnop
|
| 035 |
|
|
|a (urnnbn)urn:nbn:sk:snk:ar-002s8f
|
| 035 |
|
|
|a (uuid)1c63996a-d2a2-4a73-8ae7-cebcec6261eb
|
| 040 |
|
|
|a SNKBUCL
|b slo
|c SNKBUCL
|e AACR2
|
| 041 |
0 |
|
|a slo
|
| 044 |
|
|
|a xo
|c SK
|
| 080 |
|
|
|a 800.7
|2 1981
|
| 080 |
|
|
|a 800.85
|2 1981
|
| 100 |
1 |
|
|a Liptáková, Ľudmila,
|d 1963-
|4 aut
|
| 245 |
1 |
0 |
|a Leisi, E.: Paar und Sprache. Linguistische Aspekte der Zweierbeziehung. 3. vyd. Heidelberg - Wiesbaden, Quelle u. Meyer 1990
|c Ľudmila Valeková
|
| 650 |
0 |
7 |
|a jazyk
|2 snkbucl
|9 22980
|
| 650 |
0 |
7 |
|a jazyková komunikácia
|2 snkbucl
|9 990
|
| 655 |
|
7 |
|a články z novín a časopisov
|2 snkbucl
|9 267496
|
| 700 |
1 |
|
|a Leisi, Ernst
|4 aut
|9 1197677
|
| 773 |
0 |
|
|t Slovenská reč
|g Roč. 58, č. 1 (1993), s. 56-59
|
| 787 |
0 |
8 |
|i Rec.:
|a Leisi, Ernst
|t Paar und Sprache
|d Heidelberg - Wiesbaden : Quelle und Meyer, 1990
|
| 850 |
|
|
|a Slovenská národná knižnica v Martine
|a MTA001
|
| 852 |
|
|
|a SNK
|b KIS3GCP
|
| 954 |
|
|
|a odborná, vedecká literatúra pôvodná (slovenská)
|2 lita
|
| 958 |
|
|
|a RK
|
| 958 |
|
|
|a CH
|
| 958 |
|
|
|a OND
|
| 958 |
|
|
|a EUIPO
|
| 958 |
|
|
|a article15
|
| 992 |
|
|
|a RBX
|
| 999 |
|
|
|c 2086053
|d 2087983
|